000 00584nam a2200181Ia 4500
008 151202s9999||||xx |||||||||||||| ||und||
082 _bPNVM-36796
100 _aगावसकर सुनील.
245 _aवन डे वंडर्स.
260 _b"उत्कर्ष प्रकाशन, पुणे."
260 _c1986
300 _a100
600 _aगावसकर सुनील.
630 _aवन डे वंडर्स.
700 _aगावसकर सुनील.
730 _aवन डे वंडर्स.
942 _cBOOK
999 _c1302748
_d1302745